|
|
|
|
| LEADER |
00000nam a2200000 a 4500 |
| 005 |
20110503125627.0 |
| 008 |
110503s2008 mx 000 0 spa d |
| 020 |
|
|
|a 9789706653277
|
| 035 |
|
|
|a 5392
|
| 040 |
|
|
|a BUS
|d vLex
|
| 090 |
|
|
|c 2100
|d 2100
|
| 100 |
1 |
|
|a Mercado H., Salvador.
|
| 245 |
1 |
0 |
|a Mercadotecnia estratǧica. Como lograr utilidades en la empresa con la reingeniera̕ mercadolg̤ica
|h [Recurso electrn̤ico] /
|c Salvador Mercado H.
|
| 256 |
|
|
|a Servicio en ln̕ea.
|
| 260 |
|
|
|a Mx̌ico :
|b Instituto Mexicano de Contadores Pb︢licos,
|c 2008.
|
| 300 |
|
|
|a 1 recurso electrn̤ico
|
| 506 |
1 |
|
|a Contenido solo disponible en los productos indicados
|d vLex Global
|d vLex Global (Academic Edition, excluding Law Schools)
|d vLex Global (U.S. Academic Edition, Law Schools)
|d vLex Global (U.S. Academic Edition, excluding Law Schools)
|d vLex Global (Academic Edition, Law Schools)
|
| 650 |
0 |
4 |
|a Mercados.
|
| 650 |
0 |
4 |
|a Empresas.
|
| 650 |
0 |
4 |
|a Economa̕.
|
| 710 |
2 |
|
|a Instituto Mexicano de Contadores Pb︢licos
|
| 740 |
0 |
|
|a vLex Libros (Servicio en ln̕ea)
|
| 856 |
0 |
4 |
|u http://vlex.com/source/mercadotecnia-estrategica-lograr-utilidades-empresa-reingenieria-mercadologica-5392
|z Acceso restringido
|
| 942 |
|
|
|c BOOK
|